[Event "Open International Graz"]
[Date "2026.02.18"]
[White "Diachek, Andrii"]
[Black "Deuer, Marius"]
[WhiteElo "2301"]
[BlackElo "2502"]
[Round "7.7.15"]
[Result "0-1"]

e4 {[%clk 1:30:56]} c6 {[%clk 1:30:54]} d4 {[%clk 1:31:21]} d5 {[%clk 1:31:21]}
exd5 {[%clk 1:31:46]} cxd5 {[%clk 1:31:44]} Bd3 {[%clk 1:32:11]} Nc6 {[%clk
1:31:45]} c3 {[%clk 1:32:36]} Qc7 {[%clk 1:32:12]} h3 {[%clk 1:32:58]} e6 {[%clk
1:32:12]} Nf3 {[%clk 1:32:50]} Bd6 {[%clk 1:32:34]} O-O {[%clk 1:32:23]} Nge7
{[%clk 1:32:51]} Re1 {[%clk 1:29:45]} O-O {[%clk 1:31:12]} b3 {[%clk 1:24:21]}
Rd8 {[%clk 1:31:28]} Ba3 {[%clk 1:18:47]} Ng6 {[%clk 1:31:50]} Bxd6 {[%clk
1:18:16]} Qxd6 {[%clk 1:29:45]} h4 {[%clk 1:09:53]} Bd7 {[%clk 1:13:55]} g3
{[%clk 1:00:01]} Be8 {[%clk 1:01:24]} Nbd2 {[%clk 0:53:41]} f6 {[%clk 0:59:22]}
Qe2 {[%clk 0:36:25]} Nf8 {[%clk 0:54:36]} Nf1 {[%clk 0:30:44]} Bh5 {[%clk
0:53:07]} Ne3 {[%clk 0:28:47]} e5 {[%clk 0:31:24]} g4 {[%clk 0:19:04]} Bg6
{[%clk 0:31:31]} Bb5 {[%clk 0:18:09]} e4 {[%clk 0:25:44]} Nh2 {[%clk 0:16:19]}
Ne7 {[%clk 0:25:48]} Qd2 {[%clk 0:16:00]} Ne6 {[%clk 0:25:41]} f3 {[%clk
0:12:12]} h6 {[%clk 0:16:07]} Ng2 {[%clk 0:09:40]} exf3 {[%clk 0:10:31]} Nxf3
{[%clk 0:09:35]} Be4 {[%clk 0:10:57]} Qf2 {[%clk 0:08:15]} f5 {[%clk 0:08:43]}
g5 {[%clk 0:07:16]} hxg5 {[%clk 0:08:40]} Nxg5 {[%clk 0:07:28]} Nxg5 {[%clk
0:06:33]} hxg5 {[%clk 0:07:54]} Ng6 {[%clk 0:06:56]} Be2 {[%clk 0:07:05]} Bxg2
{[%clk 0:03:53]} Qxg2 {[%clk 0:06:49]} Qf4 {[%clk 0:04:14]} Rf1 {[%clk 0:04:21]}
Qe3+ {[%clk 0:04:39]} Qf2 {[%clk 0:04:26]} Qxg5+ {[%clk 0:04:52]} Kh1 {[%clk
0:03:54]} Rd6 {[%clk 0:02:17]} Rg1 {[%clk 0:00:55]} Qh6+ {[%clk 0:01:39]} Qh2
{[%clk 0:01:15]} Nf4 {[%clk 0:02:02]} Bf3 {[%clk 0:01:28]} Kf7 {[%clk 0:02:11]}
Rg3 {[%clk 0:00:49]} Rh8 {[%clk 0:01:26]} Qxh6 {[%clk 0:01:07]} Rdxh6+ {[%clk
0:01:52]} Kg1 {[%clk 0:01:32]} Ne2+ {[%clk 0:02:14]}

[Variant "Standard"]
[Site "Europe Echecs"]

[Event "Open International Graz"]
[Date "2026.02.18"]
[White "Yaniv, Yuval"]
[Black "Hovakimyan, Vache"]
[WhiteElo "2467"]
[BlackElo "2287"]
[Round "7.7.16"]
[Result "0-1"]

e4 {[%clk 1:30:55]} e5 {[%clk 1:28:29]} Nf3 {[%clk 1:30:43]} Nc6 {[%clk
1:28:52]} Bb5 {[%clk 1:30:34]} Nf6 {[%clk 1:29:10]} d3 {[%clk 1:29:43]} Bc5
{[%clk 1:29:30]} O-O {[%clk 1:28:24]} Nd4 {[%clk 1:29:52]} Nxd4 {[%clk 1:28:36]}
Bxd4 {[%clk 1:30:16]} c3 {[%clk 1:26:06]} Bb6 {[%clk 1:30:36]} Ba4 {[%clk
1:26:14]} O-O {[%clk 1:29:05]} Bg5 {[%clk 1:25:24]} h6 {[%clk 1:28:23]} Bh4
{[%clk 1:25:25]} d6 {[%clk 1:16:45]} h3 {[%clk 1:22:26]} g5 {[%clk 1:01:59]} Bg3
{[%clk 1:22:24]} Kg7 {[%clk 1:02:21]} Nd2 {[%clk 1:17:33]} Ng8 {[%clk 0:54:50]}
d4 {[%clk 1:13:06]} exd4 {[%clk 0:53:01]} cxd4 {[%clk 1:07:26]} Bxd4 {[%clk
0:52:49]} Nc4 {[%clk 1:07:07]} Qf6 {[%clk 0:48:08]} Qe2 {[%clk 1:03:39]} Ne7
{[%clk 0:42:31]} e5 {[%clk 0:58:03]} dxe5 {[%clk 0:42:35]} Nxe5 {[%clk 0:58:08]}
Nd5 {[%clk 0:42:26]} Nf3 {[%clk 0:41:51]} Nf4 {[%clk 0:41:50]} Bxf4 {[%clk
0:41:09]} Qxf4 {[%clk 0:42:10]} Nxd4 {[%clk 0:40:49]} Qxd4 {[%clk 0:42:33]} Bc2
{[%clk 0:40:29]} Be6 {[%clk 0:32:36]} Rad1 {[%clk 0:40:04]} Qf4 {[%clk 0:24:42]}
g3 {[%clk 0:30:38]} Qf6 {[%clk 0:13:36]} Qe4 {[%clk 0:29:18]} Qg6 {[%clk
0:11:11]} Qe5+ {[%clk 0:28:19]} Qf6 {[%clk 0:11:33]} Qe4 {[%clk 0:28:02]} Rfd8
{[%clk 0:08:59]} Qxb7 {[%clk 0:15:51]} Bxh3 {[%clk 0:09:13]} Rfe1 {[%clk
0:13:04]} Rab8 {[%clk 0:05:48]} Qxa7 {[%clk 0:06:19]} Rxd1 {[%clk 0:05:20]} Bxd1
{[%clk 0:05:01]} Rxb2 {[%clk 0:05:03]} Bb3 {[%clk 0:05:12]} Bd7 {[%clk 0:03:51]}
Rd1 {[%clk 0:04:10]} Bc6 {[%clk 0:03:20]} Bd5 {[%clk 0:03:07]} Bxd5 {[%clk
0:00:38]} Rxd5 {[%clk 0:03:34]} Qb6 {[%clk 0:00:34]} Qxb6 {[%clk 0:03:02]} Rxb6
{[%clk 0:00:33]} Rc5 {[%clk 0:02:55]} c6 {[%clk 0:00:56]} g4 {[%clk 0:01:48]}
Kf6 {[%clk 0:00:36]} Kg2 {[%clk 0:02:03]} Ke6 {[%clk 0:00:35]} Kg3 {[%clk
0:01:09]} Ra6 {[%clk 0:13:29]} a4 {[%clk 0:14:45]} Kd6 {[%clk 0:09:44]} Rf5
{[%clk 0:15:01]} Rxa4 {[%clk 0:08:28]} Rf6+ {[%clk 0:09:48]} Kd5 {[%clk
0:08:29]} Rxh6 {[%clk 0:09:30]} c5 {[%clk 0:04:58]} Rh8 {[%clk 0:06:47]} c4
{[%clk 0:03:53]} Rd8+ {[%clk 0:06:30]} Ke4 {[%clk 0:03:32]} Re8+ {[%clk
0:03:55]} Kd3 {[%clk 0:03:43]} Rd8+ {[%clk 0:04:20]} Kc2 {[%clk 0:03:11]} Rd7
{[%clk 0:04:27]} c3 {[%clk 0:02:47]} Rxf7 {[%clk 0:03:43]} Kd3 {[%clk 0:02:59]}

[Variant "Standard"]
[Site "Europe Echecs"]

[Event "Open International Graz"]
[Date "2026.02.18"]
[White "Gallasch, Jonas"]
[Black "Zverev, Lev"]
[WhiteElo "2299"]
[BlackElo "2453"]
[Round "7.7.17"]
[Result "1/2-1/2"]

Nf3 {[%clk 1:30:57]} d5 {[%clk 1:30:00]} c4 {[%clk 1:31:21]} e6 {[%clk 1:30:21]}
g3 {[%clk 1:31:46]} dxc4 {[%clk 1:30:47]} Bg2 {[%clk 1:31:50]} a6 {[%clk
1:31:10]} Qc2 {[%clk 1:31:03]} b5 {[%clk 1:27:43]} a4 {[%clk 1:22:46]} Bb7
{[%clk 1:25:53]} Nc3 {[%clk 1:15:40]} b4 {[%clk 1:24:22]} Nd1 {[%clk 1:15:19]}
Nd7 {[%clk 1:04:31]} Ne3 {[%clk 1:11:37]} c3 {[%clk 1:04:52]} bxc3 {[%clk
1:07:35]} a5 {[%clk 1:05:09]} O-O {[%clk 1:07:10]} Ngf6 {[%clk 1:05:12]} Bb2
{[%clk 1:04:50]} Be7 {[%clk 1:02:21]} cxb4 {[%clk 0:56:18]} axb4 {[%clk
1:01:49]} Nd4 {[%clk 0:51:46]} Bxg2 {[%clk 1:01:47]} Kxg2 {[%clk 0:51:56]} Qc8
{[%clk 0:57:42]} Rfc1 {[%clk 0:50:04]} c5 {[%clk 0:57:47]} Nb3 {[%clk 0:49:50]}
O-O {[%clk 0:34:04]} Kg1 {[%clk 0:42:35]} Nd5 {[%clk 0:32:02]} Nc4 {[%clk
0:41:44]} h5 {[%clk 0:32:25]} a5 {[%clk 0:40:11]} Qb7 {[%clk 0:30:48]} Qd3
{[%clk 0:38:43]} h4 {[%clk 0:29:37]} Qe4 {[%clk 0:27:24]} h3 {[%clk 0:26:34]} f3
{[%clk 0:27:33]} Qb5 {[%clk 0:21:17]} Bxg7 {[%clk 0:17:16]} Kxg7 {[%clk
0:20:14]} Qg4+ {[%clk 0:17:41]} Kh8 {[%clk 0:19:39]} Qxh3+ {[%clk 0:18:03]} Kg7
{[%clk 0:20:04]} Qg4+ {[%clk 0:18:30]} Kh8 {[%clk 0:20:26]} Qh5+ {[%clk
0:17:44]} Kg7 {[%clk 0:20:49]} Qg4+ {[%clk 0:18:06]} Kh8 {[%clk 0:21:14]} Qh5+
{[%clk 0:18:33]} Kg7 {[%clk 0:21:37]}

[Variant "Standard"]
[Site "Europe Echecs"]

[Event "Open International Graz"]
[Date "2026.02.18"]
[White "Diermair, Andreas"]
[Black "Lymar, Vladislav"]
[WhiteElo "2447"]
[BlackElo "2287"]
[Round "7.7.18"]
[Result "1/2-1/2"]

Nf3 {[%clk 1:30:54]} d5 {[%clk 1:28:54]} e3 {[%clk 1:31:06]} Nf6 {[%clk
1:29:17]} b3 {[%clk 1:30:40]} Bf5 {[%clk 1:29:46]} Be2 {[%clk 1:28:48]} h6
{[%clk 1:30:10]} Ba3 {[%clk 1:27:46]} Nbd7 {[%clk 1:30:34]} c4 {[%clk 1:26:07]}
e6 {[%clk 1:31:02]} Bxf8 {[%clk 1:26:31]} Nxf8 {[%clk 1:31:30]} Nc3 {[%clk
1:26:41]} N8d7 {[%clk 1:30:43]} cxd5 {[%clk 1:24:33]} exd5 {[%clk 1:30:47]} b4
{[%clk 1:24:41]} O-O {[%clk 1:27:52]} O-O {[%clk 1:24:58]} Qe7 {[%clk 1:17:39]}
Qb3 {[%clk 1:23:29]} c6 {[%clk 1:13:22]} b5 {[%clk 1:18:36]} Qd6 {[%clk
1:03:24]} Nd4 {[%clk 1:03:07]} Bh7 {[%clk 1:02:51]} bxc6 {[%clk 1:01:52]} bxc6
{[%clk 1:00:51]} Rac1 {[%clk 1:02:04]} Rfb8 {[%clk 0:50:28]} Qa4 {[%clk
1:02:11]} c5 {[%clk 0:49:59]} Qc6 {[%clk 0:47:53]} Qf8 {[%clk 0:39:54]} Nb3
{[%clk 0:39:31]} Rb6 {[%clk 0:35:58]} Qa4 {[%clk 0:39:14]} c4 {[%clk 0:34:01]}
Nd4 {[%clk 0:38:25]} Nc5 {[%clk 0:32:46]} Qa5 {[%clk 0:37:59]} Nb7 {[%clk
0:28:20]} Qa4 {[%clk 0:38:25]} Nc5 {[%clk 0:28:44]} Qa5 {[%clk 0:38:46]} Nb7
{[%clk 0:29:09]} Qa4 {[%clk 0:39:14]} Nc5 {[%clk 0:29:33]} Qa5 {[%clk 0:39:40]}
Nb7 {[%clk 0:29:58]}

[Variant "Standard"]
[Site "Europe Echecs"]

[Event "Open International Graz"]
[Date "2026.02.18"]
[White "Schneider, Jana"]
[Black "Balint, Peter"]
[WhiteElo "2291"]
[BlackElo "2444"]
[Round "7.7.19"]
[Result "1-0"]

e4 {[%clk 1:30:57]} c5 {[%clk 1:25:42]} Nf3 {[%clk 1:31:23]} d6 {[%clk 1:26:05]}
Bc4 {[%clk 1:31:37]} e6 {[%clk 1:17:36]} O-O {[%clk 1:31:30]} Nf6 {[%clk
1:14:58]} d3 {[%clk 1:31:19]} Be7 {[%clk 1:14:10]} Re1 {[%clk 1:30:57]} Nbd7
{[%clk 1:12:41]} a4 {[%clk 1:28:01]} O-O {[%clk 1:09:50]} Bb3 {[%clk 1:27:16]}
h6 {[%clk 1:01:28]} Nbd2 {[%clk 1:21:36]} Re8 {[%clk 1:00:05]} Nf1 {[%clk
1:20:39]} Nf8 {[%clk 0:56:04]} c3 {[%clk 1:20:10]} e5 {[%clk 0:54:59]} Ng3
{[%clk 1:16:53]} Ng6 {[%clk 0:54:36]} d4 {[%clk 1:09:25]} exd4 {[%clk 0:51:39]}
cxd4 {[%clk 1:09:45]} cxd4 {[%clk 0:40:53]} Nxd4 {[%clk 1:07:38]} Bf8 {[%clk
0:41:06]} Bd2 {[%clk 1:02:28]} Ne5 {[%clk 0:24:19]} Bc3 {[%clk 1:00:02]} Ned7
{[%clk 0:24:08]} Qd2 {[%clk 0:52:45]} Nc5 {[%clk 0:23:25]} Bc2 {[%clk 0:52:54]}
a6 {[%clk 0:16:03]} b4 {[%clk 0:44:35]} Ne6 {[%clk 0:11:58]} Ndf5 {[%clk
0:44:46]} Ng4 {[%clk 0:11:39]} Bb3 {[%clk 0:37:16]} g6 {[%clk 0:09:41]} h3
{[%clk 0:36:19]} gxf5 {[%clk 0:09:26]} hxg4 {[%clk 0:34:29]} fxg4 {[%clk
0:09:46]} Nh5 {[%clk 0:34:19]} Kh7 {[%clk 0:06:28]} Nf6+ {[%clk 0:34:14]} Kg6
{[%clk 0:06:54]} Bc2 {[%clk 0:30:59]} Ng7 {[%clk 0:06:24]} Nxe8 {[%clk 0:28:44]}
Qxe8 {[%clk 0:06:49]} e5+ {[%clk 0:29:04]} Bf5 {[%clk 0:07:13]} exd6 {[%clk
0:29:01]} Qd7 {[%clk 0:07:31]} Bxg7 {[%clk 0:27:13]} Kxg7 {[%clk 0:07:49]} Bxf5
{[%clk 0:27:01]} Qxf5 {[%clk 0:08:14]} d7 {[%clk 0:27:05]} Rd8 {[%clk 0:08:12]}
Rad1 {[%clk 0:27:20]} Qf6 {[%clk 0:08:32]} Re8 {[%clk 0:27:25]} Be7 {[%clk
0:08:58]} Qd4 {[%clk 0:27:28]}

[Variant "Standard"]
[Site "Europe Echecs"]

[Event "Open International Graz"]
[Date "2026.02.18"]
[White "Hamitevici, Vladimir"]
[Black "Suska, Szymon"]
[WhiteElo "2433"]
[BlackElo "2277"]
[Round "7.7.20"]
[Result "1-0"]

d4 {[%clk 1:30:26]} Nf6 {[%clk 1:30:39]} Nf3 {[%clk 1:30:17]} e6 {[%clk
1:30:46]} e3 {[%clk 1:26:43]} b6 {[%clk 1:29:35]} Bd3 {[%clk 1:27:01]} Bb7
{[%clk 1:29:55]} O-O {[%clk 1:27:18]} d5 {[%clk 1:28:50]} Ne5 {[%clk 1:23:54]}
Bd6 {[%clk 1:24:53]} Nd2 {[%clk 1:22:33]} Nbd7 {[%clk 1:22:53]} f4 {[%clk
1:22:53]} Qe7 {[%clk 1:18:37]} c3 {[%clk 1:11:03]} a6 {[%clk 1:16:33]} Qf3
{[%clk 1:10:49]} c5 {[%clk 1:05:31]} g4 {[%clk 1:08:06]} Nf8 {[%clk 0:58:39]} g5
{[%clk 1:03:02]} N6d7 {[%clk 0:58:10]} e4 {[%clk 1:01:59]} cxd4 {[%clk 0:57:49]}
cxd4 {[%clk 1:02:17]} Bxe5 {[%clk 0:54:06]} dxe5 {[%clk 0:53:15]} Nc5 {[%clk
0:52:35]} Bc2 {[%clk 0:53:38]} Ng6 {[%clk 0:51:38]} exd5 {[%clk 0:50:32]} Bxd5
{[%clk 0:51:43]} Qf2 {[%clk 0:50:56]} h6 {[%clk 0:45:56]} b4 {[%clk 0:51:04]}
hxg5 {[%clk 0:46:13]} Bxg6 {[%clk 0:51:28]} gxf4 {[%clk 0:43:43]} Qxf4 {[%clk
0:51:17]} fxg6 {[%clk 0:43:26]} bxc5 {[%clk 0:51:37]} Rh4 {[%clk 0:42:18]} Qg3
{[%clk 0:51:28]} Qxc5+ {[%clk 0:41:36]} Rf2 {[%clk 0:51:53]} Qd4 {[%clk
0:41:20]} Bb2 {[%clk 0:51:25]} Qxb2 {[%clk 0:40:58]} Nb3 {[%clk 0:50:49]}

[Variant "Standard"]
[Site "Europe Echecs"]

[Event "Open International Graz"]
[Date "2026.02.19"]
[White "Shengelia, David"]
[Black "Lalit Babu M R"]
[WhiteElo "2487"]
[BlackElo "2511"]
[Round "8.8.1"]
[Result "1/2-1/2"]

d4 {[%clk 1:30:47]} Nf6 {[%clk 1:30:52]} c4 {[%clk 1:30:56]} e6 {[%clk 1:31:17]}
Nf3 {[%clk 1:30:18]} d5 {[%clk 1:31:41]} e3 {[%clk 1:30:18]} b6 {[%clk 1:31:17]}
cxd5 {[%clk 1:29:02]} exd5 {[%clk 1:31:11]} Nc3 {[%clk 1:29:24]} Bd6 {[%clk
1:31:00]} b3 {[%clk 1:20:07]} O-O {[%clk 1:29:41]} Bb2 {[%clk 1:22:43]} Bb7
{[%clk 1:28:04]} Bd3 {[%clk 1:22:38]} Nbd7 {[%clk 1:27:54]} O-O {[%clk 1:22:39]}
a6 {[%clk 1:26:56]} Rc1 {[%clk 1:22:13]} Re8 {[%clk 1:26:45]} Ne2 {[%clk
1:20:36]} Ne4 {[%clk 1:24:05]} Ng3 {[%clk 1:15:05]} g6 {[%clk 1:17:45]} Qc2
{[%clk 1:07:10]} Rc8 {[%clk 1:15:27]} Qe2 {[%clk 1:02:11]} h5 {[%clk 1:03:23]}
Ne5 {[%clk 0:36:08]} Nxe5 {[%clk 0:50:19]} dxe5 {[%clk 0:36:28]} Bxe5 {[%clk
0:50:38]} Bxe5 {[%clk 0:36:46]} Rxe5 {[%clk 0:51:02]} Nxe4 {[%clk 0:36:03]} dxe4
{[%clk 0:51:28]} Bxa6 {[%clk 0:36:28]} Bxa6 {[%clk 0:50:53]} Qxa6 {[%clk
0:36:55]} Ra8 {[%clk 0:48:45]} Qb7 {[%clk 0:33:20]} Rxa2 {[%clk 0:47:56]} Rxc7
{[%clk 0:33:25]} Qf6 {[%clk 0:48:18]} Rc6 {[%clk 0:23:41]} Re6 {[%clk 0:47:56]}
Qc8+ {[%clk 0:20:13]} Kg7 {[%clk 0:48:20]} Rxe6 {[%clk 0:14:14]} Qxe6 {[%clk
0:48:47]} Qxe6 {[%clk 0:14:25]} fxe6 {[%clk 0:49:13]} h4 {[%clk 0:14:44]} Rb2
{[%clk 0:49:29]} Rd1 {[%clk 0:15:05]} Rxb3 {[%clk 0:49:46]} Rd4 {[%clk 0:15:31]}
Kf6 {[%clk 0:49:47]}

[Variant "Standard"]
[Site "Europe Echecs"]

[Event "Open International Graz"]
[Date "2026.02.19"]
[White "Gschnitzer, Adrian"]
[Black "Travadon, Loic"]
[WhiteElo "2429"]
[BlackElo "2483"]
[Round "8.8.2"]
[Result "0-1"]

e4 {[%clk 1:30:57]} c5 {[%clk 1:30:44]} Nf3 {[%clk 1:31:20]} d6 {[%clk 1:31:10]}
d4 {[%clk 1:31:42]} cxd4 {[%clk 1:31:35]} Nxd4 {[%clk 1:32:05]} Nf6 {[%clk
1:31:52]} Nc3 {[%clk 1:32:29]} Bd7 {[%clk 1:32:19]} Bg5 {[%clk 1:30:15]} e6
{[%clk 1:32:43]} Qd2 {[%clk 1:28:51]} h6 {[%clk 1:33:03]} Bxf6 {[%clk 1:26:50]}
Qxf6 {[%clk 1:33:27]} O-O-O {[%clk 1:22:24]} a6 {[%clk 1:29:17]} f4 {[%clk
1:22:26]} Nc6 {[%clk 1:24:54]} Nf3 {[%clk 1:22:46]} Qd8 {[%clk 1:22:02]} h4
{[%clk 1:15:25]} Qa5 {[%clk 1:13:47]} Kb1 {[%clk 1:04:20]} O-O-O {[%clk
1:01:56]} Qf2 {[%clk 1:02:57]} Be7 {[%clk 0:54:04]} Nd2 {[%clk 1:01:51]} Qc5
{[%clk 0:52:57]} Qe1 {[%clk 0:59:16]} Rhe8 {[%clk 0:47:05]} Rh3 {[%clk 0:56:23]}
d5 {[%clk 0:42:32]} Nb3 {[%clk 0:53:52]} Qa7 {[%clk 0:42:57]} Rhd3 {[%clk
0:51:14]} Nb4 {[%clk 0:37:30]} Rd4 {[%clk 0:50:23]} dxe4 {[%clk 0:36:55]} Nxe4
{[%clk 0:43:27]} Bc6 {[%clk 0:35:59]} Rxd8+ {[%clk 0:25:29]} Rxd8 {[%clk
0:36:20]} Rxd8+ {[%clk 0:25:47]} Kxd8 {[%clk 0:36:47]} Na5 {[%clk 0:24:08]} Bxe4
{[%clk 0:24:35]} Qxe4 {[%clk 0:24:24]} Qb6 {[%clk 0:24:40]} Nb3 {[%clk 0:19:28]}
Bxh4 {[%clk 0:22:51]} a3 {[%clk 0:18:13]} Nd5 {[%clk 0:15:56]} f5 {[%clk
0:17:54]} Bf6 {[%clk 0:15:20]} fxe6 {[%clk 0:17:26]} fxe6 {[%clk 0:14:47]} Be2
{[%clk 0:13:07]} Qg1+ {[%clk 0:09:01]} Ka2 {[%clk 0:13:16]} Qe3 {[%clk 0:08:46]}
Qxe3 {[%clk 0:11:42]} Nxe3 {[%clk 0:09:14]} Nc5 {[%clk 0:11:48]} Nxg2 {[%clk
0:08:57]} Nxe6+ {[%clk 0:09:29]} Kc8 {[%clk 0:07:10]} Bf3 {[%clk 0:09:14]} Ne3
{[%clk 0:07:23]} Nc5 {[%clk 0:08:51]} Be7 {[%clk 0:07:21]} Nxb7 {[%clk 0:08:43]}
g5 {[%clk 0:07:10]} Na5 {[%clk 0:08:57]} g4 {[%clk 0:07:32]} Nc4 {[%clk
0:06:08]} Nxc4 {[%clk 0:06:07]} Bxg4+ {[%clk 0:06:36]} Kb7 {[%clk 0:06:28]} b4
{[%clk 0:04:55]} Bf6 {[%clk 0:06:07]} a4 {[%clk 0:00:36]} Nd2 {[%clk 0:01:01]}
a5 {[%clk 0:00:40]} Bc3 {[%clk 0:01:23]} Ka3 {[%clk 0:00:56]} Ka7 {[%clk
0:01:32]} Ka4 {[%clk 0:00:46]} Ne4 {[%clk 0:01:19]} Kb3 {[%clk 0:14:23]} Be1
{[%clk 0:16:47]} c4 {[%clk 0:14:14]} Ng3 {[%clk 0:17:05]} Ka4 {[%clk 0:12:47]}
h5 {[%clk 0:17:20]} Bf3 {[%clk 0:11:19]} Bf2 {[%clk 0:14:07]} b5 {[%clk
0:09:49]} Bc5 {[%clk 0:14:20]} bxa6 {[%clk 0:06:29]} Kxa6 {[%clk 0:14:48]} Bd1
{[%clk 0:06:31]} h4 {[%clk 0:14:57]} Bg4 {[%clk 0:06:55]} Ne4 {[%clk 0:15:01]}
Bc8+ {[%clk 0:06:21]} Ka7 {[%clk 0:15:30]} Be6 {[%clk 0:05:56]} Nc3+ {[%clk
0:15:07]} Kb3 {[%clk 0:06:24]} Ne2 {[%clk 0:15:30]} Bd7 {[%clk 0:05:25]} Ka6
{[%clk 0:13:56]} Kc2 {[%clk 0:05:34]} Nf4 {[%clk 0:13:27]} Kd2 {[%clk 0:03:56]}
h3 {[%clk 0:13:52]} Ke1 {[%clk 0:03:49]} h2 {[%clk 0:14:13]}

[Variant "Standard"]
[Site "Europe Echecs"]

[Event "Open International Graz"]
[Date "2026.02.19"]
[White "Sowinski, Pawel"]
[Black "Dehtiarov, Roman"]
[WhiteElo "2413"]
[BlackElo "2430"]
[Round "8.8.3"]
[Result "0-1"]

d4 {[%clk 1:27:47]} Nf6 {[%clk 1:29:48]} c4 {[%clk 1:28:15]} e6 {[%clk 1:30:09]}
Nc3 {[%clk 1:28:39]} Bb4 {[%clk 1:30:33]} e3 {[%clk 1:29:05]} b6 {[%clk
1:30:59]} Ne2 {[%clk 1:29:28]} Ba6 {[%clk 1:31:07]} Ng3 {[%clk 1:29:44]} Bxc3+
{[%clk 1:27:53]} bxc3 {[%clk 1:30:10]} d5 {[%clk 1:26:21]} Qa4+ {[%clk 1:30:32]}
Qd7 {[%clk 1:23:58]} Qxd7+ {[%clk 1:30:55]} Kxd7 {[%clk 1:20:12]} cxd5 {[%clk
1:31:08]} exd5 {[%clk 1:20:31]} f3 {[%clk 1:25:28]} Re8 {[%clk 1:15:47]} Kd2
{[%clk 1:24:10]} c5 {[%clk 1:00:25]} Rb1 {[%clk 1:16:19]} Re6 {[%clk 0:50:59]}
Ne2 {[%clk 0:51:38]} Kc6 {[%clk 0:33:57]} g4 {[%clk 0:42:42]} Nbd7 {[%clk
0:31:04]} Ke1 {[%clk 0:36:09]} Ne8 {[%clk 0:25:59]} dxc5 {[%clk 0:29:21]} Bxe2
{[%clk 0:23:41]} Bxe2 {[%clk 0:29:22]} Nxc5 {[%clk 0:24:05]} c4 {[%clk 0:24:57]}
Nc7 {[%clk 0:23:37]} Kf2 {[%clk 0:24:35]} Rd8 {[%clk 0:19:16]} Rd1 {[%clk
0:21:24]} Red6 {[%clk 0:19:18]} cxd5+ {[%clk 0:18:44]} Nxd5 {[%clk 0:18:28]} Bb2
{[%clk 0:18:16]} f6 {[%clk 0:18:17]} Bd4 {[%clk 0:15:57]} Nc7 {[%clk 0:15:47]}
Rdc1 {[%clk 0:13:09]} Ne6 {[%clk 0:13:14]} Bc3 {[%clk 0:13:14]} Kb7 {[%clk
0:11:21]} Kf1 {[%clk 0:13:30]} Nd3 {[%clk 0:06:28]} Rd1 {[%clk 0:13:38]} Kc6
{[%clk 0:06:09]} h4 {[%clk 0:13:14]} a5 {[%clk 0:05:00]} Rd2 {[%clk 0:11:12]} h6
{[%clk 0:02:30]} Rc2 {[%clk 0:08:31]} Nec5 {[%clk 0:02:11]} a3 {[%clk 0:06:10]}
Ne5 {[%clk 0:01:12]} f4 {[%clk 0:05:27]} Ned3 {[%clk 0:01:38]} Bf3+ {[%clk
0:04:25]} Kc7 {[%clk 0:01:49]} Rb5 {[%clk 0:04:22]} g5 {[%clk 0:01:34]} hxg5
{[%clk 0:02:39]} hxg5 {[%clk 0:02:03]} fxg5 {[%clk 0:02:57]} fxg5 {[%clk
0:02:29]} Rh2 {[%clk 0:03:01]} Rf8 {[%clk 0:02:13]} Kg2 {[%clk 0:02:52]} Re6
{[%clk 0:02:23]} Rh7+ {[%clk 0:01:54]} Kc8 {[%clk 0:01:30]} Ra7 {[%clk 0:12:47]}
Rfe8 {[%clk 0:15:58]} Bd4 {[%clk 0:07:39]} Ne1+ {[%clk 0:13:36]} Kf2 {[%clk
0:06:46]} Ned3+ {[%clk 0:13:49]} Kg1 {[%clk 0:05:00]} Rxe3 {[%clk 0:12:21]} Bxe3
{[%clk 0:05:18]} Rxe3 {[%clk 0:12:49]} Bc6 {[%clk 0:03:22]} Re1+ {[%clk
0:11:56]} Kg2 {[%clk 0:03:41]} Nf4+ {[%clk 0:07:59]} Kf3 {[%clk 0:03:16]} Nce6
{[%clk 0:02:16]} Rxb6 {[%clk 0:03:44]} Nd4+ {[%clk 0:02:40]} Kg3 {[%clk
0:03:56]} Re3+ {[%clk 0:02:11]} Kf2 {[%clk 0:04:10]} Rxa3 {[%clk 0:00:57]} Bd7+
{[%clk 0:02:00]} Kd8 {[%clk 0:01:26]} Rb8+ {[%clk 0:01:28]} Ke7 {[%clk 0:01:55]}
Bf5+ {[%clk 0:01:35]} Kd6 {[%clk 0:02:18]} Rd7+ {[%clk 0:01:50]} Kc5 {[%clk
0:02:42]} Rc8+ {[%clk 0:02:04]} Nc6 {[%clk 0:03:11]} Be4 {[%clk 0:01:38]} Ra2+
{[%clk 0:03:37]} Ke1 {[%clk 0:01:57]} Re2+ {[%clk 0:04:06]}

[Variant "Standard"]
[Site "Europe Echecs"]

[Event "Open International Graz"]
[Date "2026.02.19"]
[White "Pranesh M"]
[Black "Waldhausen Gordon, Frederick"]
[WhiteElo "2627"]
[BlackElo "2410"]
[Round "8.8.4"]
[Result "1/2-1/2"]

e4 {[%clk 1:30:58]} e5 {[%clk 1:30:52]} Nf3 {[%clk 1:31:22]} Nc6 {[%clk
1:31:18]} Bc4 {[%clk 1:31:42]} Nf6 {[%clk 1:31:39]} d3 {[%clk 1:32:04]} Bc5
{[%clk 1:31:53]} c3 {[%clk 1:32:21]} a6 {[%clk 1:31:46]} Bg5 {[%clk 1:31:26]} h6
{[%clk 1:30:24]} Bh4 {[%clk 1:31:50]} Be7 {[%clk 1:29:31]} Nbd2 {[%clk 1:31:54]}
d6 {[%clk 1:28:54]} a4 {[%clk 1:32:14]} Nh5 {[%clk 1:26:16]} Bg3 {[%clk
1:31:33]} Nxg3 {[%clk 1:23:52]} hxg3 {[%clk 1:29:46]} Bf6 {[%clk 1:19:22]} a5
{[%clk 1:23:32]} g6 {[%clk 1:09:29]} Qb3 {[%clk 1:21:53]} Qe7 {[%clk 1:09:21]}
Nf1 {[%clk 1:21:36]} Nd8 {[%clk 1:09:12]} Ne3 {[%clk 1:21:24]} c6 {[%clk
1:09:33]} g4 {[%clk 1:18:42]} Ne6 {[%clk 1:08:16]} g3 {[%clk 1:12:14]} Kf8
{[%clk 1:03:20]} Kf1 {[%clk 1:02:21]} Kg7 {[%clk 0:59:14]} Kg2 {[%clk 1:01:32]}
Bd7 {[%clk 0:59:24]} Rh2 {[%clk 0:58:22]} Rae8 {[%clk 0:57:56]} Rah1 {[%clk
0:56:19]} Bc8 {[%clk 0:55:58]} Qd1 {[%clk 0:54:54]} Rh7 {[%clk 0:53:41]} Nh4
{[%clk 0:51:00]} Nc7 {[%clk 0:50:49]} Nf3 {[%clk 0:43:46]} Ne6 {[%clk 0:49:26]}
Ba2 {[%clk 0:43:05]} Reh8 {[%clk 0:45:30]} b4 {[%clk 0:41:12]} Nc7 {[%clk
0:44:13]} Qd2 {[%clk 0:39:19]} Nb5 {[%clk 0:42:52]} Bc4 {[%clk 0:32:19]} Na3
{[%clk 0:39:14]} Ba2 {[%clk 0:32:26]} Nb5 {[%clk 0:39:37]} Bc4 {[%clk 0:32:25]}
Na3 {[%clk 0:40:01]} Ba2 {[%clk 0:32:11]} Nb5 {[%clk 0:40:04]}

[Variant "Standard"]
[Site "Europe Echecs"]